[Event "South America-ch U20 19th"]
[White "Maravi Ceron, Jhon Julio"]
[Black "Salazar Salinas, Rodrigo"]
[Site "Santa Cruz de la Sierra"]
[Round "8"]
[Result "1/2-1/2"]
[Date "2024.09.01"]
[WhiteElo "1832"]
[BlackElo "1893"]
[PlyCount "100"]
[EventDate "2024.08.28"]
[EventType "swiss"]
[EventRounds "9"]
[EventCountry "BOL"]
[SourceTitle "EXT 2025"]
[Source "ChessBase"]
[SourceDate "2024.10.14"]
[SourceVersion "1"]
[SourceVersionDate "2024.10.14"]
[SourceQuality "1"]

1. d4 Nf6 2. c4 e6 3. Nc3 Bb4 4. e3 c5 5. a3 Bxc3+ 6. bxc3 b6 7. Bd3 Nc6 8. Ne2 Ba6 9. e4 Na5 10. Bg5 h6 11. Bh4 Bxc4 12. f4 d5 13. e5 g5 14. Bf2 Bxd3 15. Qxd3 c4 16. Qh3 Ne4 17. Be3 Nb3 18. Ra2 Kd7 19. Qh5 Qg8 20. 0-0 Rf8 21. f5 exf5 22. Rxf5 f6 23. g4 fxe5 24. dxe5 Qe6 25. Bd4 Kc8 26. Ng3 Nxg3 27. hxg3 Nxd4 28. cxd4 Rxf5 29. gxf5 Qxf5 30. Rf2 Qb1+ 31. Kh2 Qe4 32. Qf7 c3 33. Qxa7 Qxd4 34. Qa8+ Kd7 35. Qb7+ Kd8 36. Qb8+ Kd7 37. Rf7+ Kc6 38. Qxh8 Qd2+ 39. Kg1 Qe3+ 40. Kg2 Qe2+ 41. Rf2 Qe4+ 42. Kh2 Qe1 43. Qe8+ Kc5 44. Qc8+ Kd4 45. Qf5 Qxe5 46. Qg6 Qe3 47. Qxb6+ Kd3 48. Qg6+ Qe4 49. Qa6+ Qc4 50. Qg6+ Qe4 1/2-1/2

[Event "South America-ch U20 19th"]
[White "Salazar Salinas, Rodrigo"]
[Black "Montevilla Cahuasa, Jonathan Isaac"]
[Site "Santa Cruz de la Sierra"]
[Round "7"]
[Result "0-1"]
[Date "2024.09.01"]
[WhiteElo "1893"]
[BlackElo "2045"]
[PlyCount "126"]
[EventDate "2024.08.28"]
[EventType "swiss"]
[EventRounds "9"]
[EventCountry "BOL"]
[SourceTitle "EXT 2025"]
[Source "ChessBase"]
[SourceDate "2024.10.14"]
[SourceVersion "1"]
[SourceVersionDate "2024.10.14"]
[SourceQuality "1"]

1. d4 Nf6 2. c4 e6 3. Nf3 Bb4+ 4. Nbd2 0-0 5. a3 Bxd2+ 6. Bxd2 d6 7. Bf4 Nc6 8. e3 h6 9. h3 a5 10. b3 Qe7 11. Bh2 e5 12. d5 Nb8 13. Qc2 Nbd7 14. e4 Nc5 15. Nd2 Nh7 16. g4 c6 17. Be2 Bd7 18. Bg3 cxd5 19. cxd5 Rfc8 20. Qb1 b5 21. 0-0 h5 22. f3 h4 23. Bf2 Qg5 24. Qb2 Nf8 25. Bxc5 Rxc5 26. f4 exf4 27. Nf3 Qe7 28. b4 axb4 29. axb4 Rcc8 30. Bd3 Ng6 31. Rxa8 Rxa8 32. Ra1 Qe8 33. Kf2 Qb8 34. Rxa8 Qxa8 35. Qd4 Qa2+ 36. Be2 Qb3 37. Qb6 Qxb4 38. Qd8+ Nf8 39. Qe7 Qc5+ 40. Kg2 Qe3 41. Kf1 f6 42. Qxd6 Qxe4 43. Qc5 Ng6 44. Qd4 Qb1+ 45. Kg2 Qc2 46. Kf1 Qa4 47. Qc3 Qe4 48. Qb3 Kf8 49. Qa3+ Qe7 50. d6 Qe8 51. Qc1 Kg8 52. Qc7 Nf8 53. Nxh4 Ne6 54. Qa7 Qc8 55. Nf5 Qc1+ 56. Kf2 Nc5 57. Qa8+ Kh7 58. Qd5 Qc2 59. Nh4 Ne4+ 60. Kf3 Qxe2+ 61. Kxe2 Nc3+ 62. Kd3 Nxd5 63. Kd4 Nb6 0-1

[Event "South America-ch U20 19th"]
[White "Laura Cabrera, Jhon Magno"]
[Black "Salazar Salinas, Rodrigo"]
[Site "Santa Cruz de la Sierra"]
[Round "2"]
[Result "1-0"]
[Date "2024.08.28"]
[WhiteElo "1789"]
[BlackElo "1893"]
[PlyCount "73"]
[EventDate "2024.08.28"]
[EventType "swiss"]
[EventRounds "9"]
[EventCountry "BOL"]
[SourceTitle "EXT 2025"]
[Source "ChessBase"]
[SourceDate "2024.10.14"]
[SourceVersion "1"]
[SourceVersionDate "2024.10.14"]
[SourceQuality "1"]

1. d4 Nf6 2. Nf3 e6 3. Bg5 d5 4. e3 c5 5. c3 Bd6 6. Bd3 Nbd7 7. Nbd2 Qc7 8. 0-0 0-0 9. Re1 e5 10. e4 dxe4 11. Nxe4 Nxe4 12. Bxe4 Kh8 13. g3 h6 14. Nh4 Kg8 15. Bxh6 Nf6 16. Bf5 gxh6 17. Qd2 Ng4 18. h3 Be7 19. hxg4 Bg5 20. Qd3 exd4 21. cxd4 Bxh4 22. gxh4 Qd8 23. dxc5 Qxh4 24. Kg2 Qf6 25. Rh1 Kg7 26. Rh5 Rh8 27. Rah1 Be6 28. g5 hxg5 29. Bxe6 Qxe6 30. Qd4+ f6 31. Rxg5+ Kf7 32. Rxh8 Rxh8 33. Rg3 Qc6+ 34. f3 Qe6 35. Qe4 Qxe4 36. fxe4 Rd8 37. Kf3 1-0

[Event "Santa Cruz op 4th"]
[White "Salazar Salinas, Rodrigo"]
[Black "Magne Alcoba, Yonatan Israel"]
[Site "Santa Cruz"]
[Round "7"]
[Result "1-0"]
[Date "2024.07.21"]
[WhiteElo "1825"]
[BlackElo "1852"]
[PlyCount "53"]
[EventDate "2024.07.18"]
[EventType "swiss"]
[EventRounds "7"]
[EventCountry "BOL"]
[SourceTitle "EXT 2025"]
[Source "ChessBase"]
[SourceDate "2024.10.14"]
[SourceVersion "1"]
[SourceVersionDate "2024.10.14"]
[SourceQuality "1"]

1. d4 Nf6 2. Nc3 g6 3. e4 d6 4. h3 Bg7 5. Be3 c6 6. g4 h5 7. g5 Nfd7 8. f4 b5 9. e5 b4 10. Nce2 Bb7 11. Bg2 d5 12. f5 e6 13. fxe6 fxe6 14. h4 c5 15. Qd3 Nf8 16. Qb5+ Qd7 17. Qxc5 Na6 18. Qa5 Qc6 19. Nh3 Nd7 20. Nhf4 Nxe5 21. dxe5 Bxe5 22. Nd4 Bxd4 23. Bxd4 0-0 24. 0-0 Qxc2 25. Nxe6 Rxf1+ 26. Rxf1 Qd3 27. Qa4 1-0

[Event "Santa Cruz op 4th"]
[White "Monroy Carrizo, Javier"]
[Black "Salazar Salinas, Rodrigo"]
[Site "Santa Cruz"]
[Round "5"]
[Result "0-1"]
[Date "2024.07.20"]
[WhiteElo "1890"]
[BlackElo "1825"]
[PlyCount "148"]
[EventDate "2024.07.18"]
[EventType "swiss"]
[EventRounds "7"]
[EventCountry "BOL"]
[SourceTitle "EXT 2025"]
[Source "ChessBase"]
[SourceDate "2024.10.14"]
[SourceVersion "1"]
[SourceVersionDate "2024.10.14"]
[SourceQuality "1"]

1. d4 Nf6 2. Nf3 e6 3. g3 b5 4. Bg2 Bb7 5. 0-0 c5 6. b3 d5 7. Ne5 Bd6 8. e3 Qc7 9. Bb2 0-0 10. f4 Nbd7 11. Nd2 Rac8 12. Rc1 Qa5 13. Ra1 Qc7 14. c3 Ne4 15. Nxe4 dxe4 16. Qc2 cxd4 17. exd4 f5 18. a4 Bxe5 19. fxe5 Qb6 20. axb5 Nxe5 21. Ba3 Rfd8 22. Bc5 Qxb5 23. c4 Qd7 24. Rxa7 Nc6 25. Rxb7 Qxb7 26. Qc3 Rb8 27. Rb1 Nb4 28. g4 g6 29. gxf5 exf5 30. Ra1 Na6 31. Rb1 Nxc5 32. dxc5 Rdc8 33. Qe5 Qc7 34. Qe6+ Qf7 35. Qe5 Qg7 36. Qd5+ Qf7 37. c6 Qxd5 38. cxd5 Kf7 39. Bf1 Ke7 40. b4 Kd6 41. Bc4 f4 42. b5 Rb6 43. Rd1 Re8 44. Kf2 Re5 45. h4 Rb8 46. Rb1 Rb6 47. Ra1 e3+ 48. Kf3 e2 49. Re1 Re7 50. Kxf4 Rb8 51. Kf3 Rf8+ 52. Kg2 Kc7 53. Bxe2 Rd8 54. b6+ Kxb6 55. Rb1+ Kc5 56. Bf3 Kd6 57. Ra1 Rf8 58. Ra6 Rc7 59. Kg3 Rff7 60. Ra8 Ra7 61. Rd8+ Kc7 62. Rd7+ Rxd7 63. cxd7 Kxd7 64. Kf4 Kd6 65. Kg5 Rf7 66. Be4 Ke5 67. Bc2 Rf2 68. Bb3 Rf5+ 69. Kg4 h5+ 70. Kg3 Rf4 71. Ba2 Rg4+ 72. Kh3 Rd4 73. Bb1 Rxd5 74. Bxg6 Kf4 0-1

[Event "Santa Cruz op 4th"]
[White "Salazar Salinas, Rodrigo"]
[Black "Machaca Paniagua, Leinier Lionel"]
[Site "Santa Cruz"]
[Round "3"]
[Result "1-0"]
[Date "2024.07.19"]
[WhiteElo "1825"]
[BlackElo "1547"]
[PlyCount "83"]
[EventDate "2024.07.18"]
[EventType "swiss"]
[EventRounds "7"]
[EventCountry "BOL"]
[SourceTitle "EXT 2025"]
[Source "ChessBase"]
[SourceDate "2024.10.14"]
[SourceVersion "1"]
[SourceVersionDate "2024.10.14"]
[SourceQuality "1"]

1. d4 c5 2. d5 d6 3. Nc3 Nf6 4. e4 g6 5. Nf3 Bg7 6. Nd2 0-0 7. Bd3 b6 8. 0-0 Na6 9. f3 Nc7 10. a4 a6 11. Nc4 Rb8 12. Ne3 b5 13. axb5 axb5 14. Kh1 e6 15. g4 b4 16. Ne2 exd5 17. g5 Nd7 18. Nxd5 Nxd5 19. exd5 Ne5 20. Ng3 Nxd3 21. Qxd3 Bd7 22. Re1 Bb5 23. Qd1 Re8 24. Ne4 Kh8 25. Ra7 Rf8 26. Bf4 Qb6 27. Re7 Rbd8 28. Nf6 Rc8 29. Qd2 Rc7 30. Qf2 h5 31. R1e4 Bd7 32. Qg3 Bf5 33. Bxd6 Bxe4 34. Bxc7 Bxf3+ 35. Kg1 Qa7 36. Bd6 Bxf6 37. gxf6 c4+ 38. Kf1 Rd8 39. Qg5 Kh7 40. Bf4 Kg8 41. Qh6 Be2+ 42. Rxe2 1-0

[Event "Santa Cruz op 4th"]
[White "Salazar Salinas, Rodrigo"]
[Black "Munoz Moreno, Santiago Aaron"]
[Site "Santa Cruz"]
[Round "1"]
[Result "1-0"]
[Date "2024.07.18"]
[WhiteElo "1825"]
[BlackElo "1412"]
[PlyCount "71"]
[EventDate "2024.07.18"]
[EventType "swiss"]
[EventRounds "7"]
[EventCountry "BOL"]
[SourceTitle "EXT 2025"]
[Source "ChessBase"]
[SourceDate "2024.10.14"]
[SourceVersion "1"]
[SourceVersionDate "2024.10.14"]
[SourceQuality "1"]

1. d4 d5 2. Nc3 Nf6 3. Bf4 Bf5 4. f3 e6 5. g4 Bg6 6. h4 h6 7. e3 Nbd7 8. Bd3 Bh7 9. Qd2 Nb6 10. Nge2 Bd6 11. 0-0-0 Bxd3 12. Qxd3 Qe7 13. Bxd6 Qxd6 14. Nf4 Nc4 15. Kb1 0-0-0 16. b3 Qb4 17. Ka1 Nb6 18. Qd2 Rd6 19. Ne4 Qxd2 20. Nxd6+ cxd6 21. Rxd2 e5 22. dxe5 dxe5 23. Nh5 Nfd7 24. Nxg7 Nf6 25. Nf5 Kc7 26. Rg1 e4 27. g5 hxg5 28. hxg5 Rg8 29. Rdd1 Nh7 30. fxe4 dxe4 31. Nd6 Rd8 32. Nxf7 Rxd1+ 33. Rxd1 Nd7 34. g6 Nhf6 35. g7 b6 36. Nh6 1-0

[Event "Santa Cruz op 4th"]
[White "Torrez Taboada, Flor Belen"]
[Black "Salazar Salinas, Rodrigo"]
[Site "Santa Cruz"]
[Round "2"]
[Result "0-1"]
[Date "2024.07.18"]
[WhiteElo "1499"]
[BlackElo "1825"]
[PlyCount "86"]
[EventDate "2024.07.18"]
[EventType "swiss"]
[EventRounds "7"]
[EventCountry "BOL"]
[SourceTitle "EXT 2025"]
[Source "ChessBase"]
[SourceDate "2024.10.14"]
[SourceVersion "1"]
[SourceVersionDate "2024.10.14"]
[SourceQuality "1"]

1. e4 c5 2. Nf3 e6 3. d4 cxd4 4. Nxd4 a6 5. Nc3 Qc7 6. Be3 Bb4 7. Bd2 Nf6 8. Bd3 d6 9. a3 Bc5 10. Nb3 Ba7 11. Bg5 Nbd7 12. Qe2 b5 13. 0-0-0 0-0 14. g4 Bb7 15. Bxf6 Nxf6 16. g5 Nd7 17. h4 Nc5 18. f4 Nxb3+ 19. cxb3 d5 20. Kb1 d4 21. Na2 Qxf4 22. Rh3 Qe5 23. Nb4 f6 24. Qg4 f5 25. exf5 exf5 26. Qg1 Rae8 27. Nc2 Be4 28. Re1 Qd5 29. Nb4 Qxb3 30. Qf1 Bg2 31. Qf2 Bxh3 32. Bc2 Rxe1+ 33. Qxe1 Qe3 34. Qh1 f4 35. Qb7 Qe1+ 36. Ka2 Be6+ 37. b3 Bc5 38. Nxa6 Qc3 39. Nb4 Bxb4 40. axb4 Qxc2+ 41. Ka1 Qxb3 42. Qa6 f3 43. Qxe6+ Qxe6 0-1

[Event "Oruro Baptista Memorial"]
[White "Cruz Condori, Alfredo"]
[Black "Salazar Salinas, Rodrigo"]
[Site "Oruro"]
[Round "7"]
[Result "1-0"]
[Date "2023.11.04"]
[WhiteElo "1966"]
[BlackElo "1495"]
[PlyCount "77"]
[EventDate "2023.11.01"]
[EventType "swiss"]
[EventRounds "9"]
[EventCountry "BOL"]
[SourceTitle "CBM 217 Extra"]
[Source "ChessBase"]
[SourceDate "2024.01.31"]
[SourceVersion "1"]
[SourceVersionDate "2024.01.31"]
[SourceQuality "1"]

1. c4 c5 2. Nc3 Nc6 3. e3 e5 4. a3 d6 5. Rb1 a5 6. d3 g6 7. Nge2 Bg7 8. Nd5 Nge7 9. Nec3 Be6 10. Be2 0-0 11. h4 Bxd5 12. cxd5 Nb8 13. h5 Nd7 14. e4 f5 15. g4 f4 16. g5 Nc8 17. Bg4 Re8 18. hxg6 hxg6 19. a4 Nf8 20. Nb5 Na7 21. Nc3 Qxg5 22. b3 Rad8 23. Qf3 Bh6 24. Bd2 Kg7 25. Ne2 b6 26. Qh3 Nh7 27. Ng1 Nf6 28. Nf3 Qxg4 29. Qxh6+ Kg8 30. Ng5 Qxg5 31. Qxg5 Kf7 32. Ke2 Rh8 33. Rbg1 Rxh1 34. Qxg6+ Ke7 35. Qg7+ Ke8 36. Rxh1 f3+ 37. Kxf3 Nd7 38. Rh8+ Nf8 39. Rxf8# 1-0

[Event "Pan American-ch School U13 12th"]
[White "Vasquez Navez, Mark Lenin"]
[Black "Salazar Salinas, Rodrigo"]
[Site "Callao"]
[Round "8"]
[Result "0-1"]
[Date "2023.10.20"]
[WhiteElo "1352"]
[BlackElo "1466"]
[PlyCount "135"]
[EventDate "2023.10.16"]
[EventType "swiss"]
[EventRounds "9"]
[EventCountry "PER"]
[SourceTitle "CBM 217 Extra"]
[Source "ChessBase"]
[SourceDate "2024.01.31"]
[SourceVersion "1"]
[SourceVersionDate "2024.01.31"]
[SourceQuality "1"]

1. e4 c5 2. Nf3 e6 3. d4 cxd4 4. Nxd4 a6 5. Nc3 Qc7 6. g3 Bb4 7. Bd2 Nf6 8. Bg2 0-0 9. 0-0 d6 10. Nb3 Nc6 11. a3 Bxc3 12. Bxc3 e5 13. h3 Be6 14. f4 Rad8 15. Qe2 Bxb3 16. cxb3 Qb6+ 17. Qf2 Qxb3 18. g4 Nd7 19. Rad1 Nf6 20. Qg3 Nd4 21. Qe3 Ne6 22. fxe5 dxe5 23. Rxd8 Rxd8 24. Re1 Rd1 25. Kh2 Rxe1 26. Qxe1 Qb5 27. Qd2 Qd7 28. Qxd7 Nxd7 29. Bf1 Nec5 30. Bg2 Na4 31. Bb4 Nxb2 32. Bf1 b5 33. Kg3 g5 34. Be7 f6 35. h4 Kf7 36. Bb4 h6 37. Bc3 Na4 38. Bb4 Ndc5 39. Kf3 Ne6 40. h5 Nd4+ 41. Kg3 Nb6 42. Bd3 Nc6 43. Bc5 Nd7 44. Be3 Nd4 45. Bb1 Nc5 46. Bd2 Ncb3 47. Ba2 Kg7 48. Bc3 Ne2+ 49. Kf2 Nxc3 50. Bxb3 Nxe4+ 51. Ke3 Nc5 52. Bd5 Kf8 53. Kd2 Ke7 54. Kc3 Kd6 55. Bf3 a5 56. Be2 b4+ 57. axb4 axb4+ 58. Kxb4 Kd5 59. Kc3 Ke4 60. Kc4 Ke3 61. Bd1 Ne4 62. Bc2 Kf4 63. Kd5 Nf2 64. Ke6 Nxg4 65. Kf7 Ne3 66. Bd3 e4 67. Be2 g4 68. Bf1 0-1

[Event "Pan American-ch School U13 12th"]
[White "Villaverde Salas, Gonzalo Matias"]
[Black "Salazar Salinas, Rodrigo"]
[Site "Callao"]
[Round "6"]
[Result "1-0"]
[Date "2023.10.19"]
[WhiteElo "1281"]
[BlackElo "1466"]
[PlyCount "20"]
[EventDate "2023.10.16"]
[EventType "swiss"]
[EventRounds "9"]
[EventCountry "PER"]
[SourceTitle "CBM 217 Extra"]
[Source "ChessBase"]
[SourceDate "2024.01.31"]
[SourceVersion "1"]
[SourceVersionDate "2024.01.31"]
[SourceQuality "1"]

1. e4 c5 2. Nf3 e6 3. Bc4 a6 4. Nc3 Nc6 5. d4 cxd4 6. Nxd4 Bb4 7. Be2 Bxc3+ 8. bxc3 Nge7 9. 0-0 d5 10. exd5 exd5 1-0

[Event "Pan American-ch School U13 12th"]
[White "Salazar Salinas, Rodrigo"]
[Black "Reyes Zavaleta, Cristhian Yamil"]
[Site "Callao"]
[Round "4"]
[Result "0-1"]
[Date "2023.10.17"]
[WhiteElo "1466"]
[BlackElo "1858"]
[PlyCount "88"]
[EventDate "2023.10.16"]
[EventType "swiss"]
[EventRounds "9"]
[EventCountry "PER"]
[SourceTitle "CBM 217 Extra"]
[Source "ChessBase"]
[SourceDate "2024.01.31"]
[SourceVersion "1"]
[SourceVersionDate "2024.01.31"]
[SourceQuality "1"]

1. d4 d5 2. Nc3 Nf6 3. Bf4 e6 4. e3 Bd6 5. Qf3 Bxf4 6. Qxf4 0-0 7. Bd3 c5 8. dxc5 Nc6 9. Nf3 Qa5 10. 0-0 Qxc5 11. e4 d4 12. Na4 Qh5 13. e5 Nd5 14. Qd2 Nxe5 15. Nxd4 Nxd3 16. Qxd3 Nf4 17. Qf3 Qxf3 18. Nxf3 Bd7 19. Nc3 Bc6 20. Ne1 Rfd8 21. f3 b5 22. g3 Ng6 23. Nd3 Rac8 24. Rf2 h6 25. a4 bxa4 26. Nxa4 Rc7 27. Nac5 e5 28. Re1 Re7 29. h4 h5 30. b4 f5 31. Nb2 e4 32. fxe4 fxe4 33. b5 Ba8 34. Kf1 Rd5 35. Nba4 e3 36. Rfe2 Rf5+ 37. Kg1 Ne5 38. Rd1 Nf3+ 39. Kf1 Nd4+ 40. Ke1 Nxe2 41. Rd8+ Kh7 42. Kxe2 Rf2+ 43. Ke1 e2 44. Kxf2 e1Q# 0-1

[Event "Pan American-ch School U13 12th"]
[White "Choque Aparco, Esteban Abel"]
[Black "Salazar Salinas, Rodrigo"]
[Site "Callao"]
[Round "2"]
[Result "1/2-1/2"]
[Date "2023.10.16"]
[WhiteElo "1277"]
[BlackElo "1466"]
[PlyCount "55"]
[EventDate "2023.10.16"]
[EventType "swiss"]
[EventRounds "9"]
[EventCountry "PER"]
[SourceTitle "CBM 217 Extra"]
[Source "ChessBase"]
[SourceDate "2024.01.31"]
[SourceVersion "1"]
[SourceVersionDate "2024.01.31"]
[SourceQuality "1"]

1. Nf3 c5 2. b3 Nf6 3. Bb2 g6 4. e3 Bg7 5. c4 e6 6. Nc3 Qe7 7. a3 b6 8. Qc2 Bb7 9. Be2 0-0 10. Rd1 Rd8 11. 0-0 Nc6 12. Rfe1 Rac8 13. d4 d6 14. d5 Nb8 15. e4 Nbd7 16. Nb5 a6 17. dxe6 Bxe4 18. Qc1 axb5 19. exd7 Qxd7 20. cxb5 Bxf3 21. Bxf3 Qxb5 22. Qg5 h6 23. Qf4 Nh5 24. Bxh5 Bxb2 25. Be2 Qc6 26. Bf3 d5 27. Re7 Bf6 28. Qd2 1/2-1/2

[Event "BOL-ch U12"]
[White "Salazar Salinas, Rodrigo"]
[Black "Saavedra Aiza, Alejandro"]
[Site "Cochabamba"]
[Round "3"]
[Result "1-0"]
[Date "2023.01.14"]
[WhiteElo "1455"]
[BlackElo "1337"]
[PlyCount "93"]
[EventDate "2023.01.13"]
[EventType "swiss"]
[EventRounds "7"]
[EventCountry "BOL"]
[SourceTitle "EXT 2024"]
[Source "ChessBase"]
[SourceDate "2023.10.10"]
[SourceVersion "1"]
[SourceVersionDate "2023.10.10"]
[SourceQuality "1"]

1. d4 d5 2. Nc3 Nf6 3. Bf4 e6 4. e3 Bb4 5. g4 h6 6. Nge2 Nbd7 7. a3 Ba5 8. b4 Bb6 9. Ng3 a5 10. Na4 Qe7 11. c3 g5 12. Nxb6 Nxb6 13. Be5 Rg8 14. h3 Nh7 15. Bd3 Nf6 16. 0-0 c6 17. f4 Ne4 18. Nh5 Nd7 19. Bxe4 dxe4 20. f5 Nxe5 21. dxe5 Rh8 22. f6 Qc7 23. Qd4 Bd7 24. Rad1 0-0-0 25. Ng3 b6 26. Nxe4 Rhf8 27. bxa5 bxa5 28. Nd6+ Kb8 29. Rb1+ Ka8 30. Rb7 c5 31. Qc4 Qc6 32. Rfb1 Rb8 33. R1b6 Qxb6 34. Rxb6 Rxb6 35. Qxc5 Rb1+ 36. Kf2 Kb8 37. Nb5 Rxb5 38. Qxf8+ Kc7 39. Qxf7 Rxe5 40. Qe7 Rb5 41. f7 Rb2+ 42. Kg3 Kb6 43. f8Q Bc6 44. Qc5+ Kb7 45. Qfe7+ Kb8 46. Qca7+ Kc8 47. Qac7# 1-0